Responses for Show #7757 - Tuesday, May 8, 2018

2018 Teachers Tournament quarterfinal game 2.

Contestants

[<< previous game]

Rachel Niegelberg, an elementary school special education teacher from Trumansburg, New York

Bob Julian, a 7th and 8th grade social studies teacher from Phoenix, Oregon

Erika Eason, a K-12 technology teacher from Derwood, Maryland

[next game >>]

Jeopardy! Round responses

MEMORABLE MOVIE SCENES
LET'S GET ORDINAL
NATIONAL PARKS
THE ROARING '20s
FLAPPERS
SPEAK EASY
    $200 1
The Godfather

Rachel
    $200 16
third base

Rachel
    $200 3
Yellowstone

Bob
    $200 21
freezing

Bob
    $200 26
hummingbirds

Erika
    $200 2
Nice 'n Easy

Bob
    $400 12
Raiders of the Lost Ark

Bob
    $400 17
a fifth

Rachel
    $400 4
Zion

Rachel
    $400 22
Al Capone

Bob
    $400 27
a crane

Bob
    $400 5
easy come, easy go

Rachel
    $600 13
(Erika: What is Apollo 13?)

Gravity

ErikaRachel
    $600 18
a sixth sense

Rachel
    $600 7
Mesa Verde

Rachel
    $600 23
(John) Scopes

Erika
    $600 28
a peregrine falcon

Rachel
    $600 6
Easy Rider

Bob
    $800 14
Bridge of Spies

Erika
    $800 19
(Bob: What is the ninth wonder of the world?)
(Alex: No.)
(Bob: Ancient wonder of the world?)
(Rachel: What are the eighth and ninth wonders of the world?)
(Alex: Nn--)
(Rachel: Ancient wonders of the world?)
(Alex: No.)

the eighth wonder of the world

BobRachel
Triple Stumper
    $2,000 10
Sequoia and Redwood

Bob
    $800 24
"Ain't She Sweet"

Triple Stumper
    $800 29
the snowy owl

Erika
    $800 8
Porgy and Bess

Rachel
    $1000 15
The Gold Rush

Triple Stumper
    $1000 20
the fourth estate

Erika
    $1000 11
Crater

Rachel
    $1000 25
the League of Nations

Bob
    $1000 30
the California condor

Rachel
    $1000 9
Adventures of Huckleberry Finn

Bob

Scores at the first commercial break (after clue 15):

Erika Bob Rachel
$200 $4,400 $4,000

Scores at the end of the Jeopardy! Round:

Erika Bob Rachel
$2,800 $5,600 $6,000

Double Jeopardy! Round responses

GENIUS: PICASSO
THIRD LETTER "X"
MUSICAL KINGS
SHORT STORIES
AFRICAN-AMERICAN FIRSTS
BRAND LOYALTY
    $400 1
anarchists

Erika
    $400 4
a toxin

Bob
    $400 9
Elvis

Bob
    $400 24
(Bob: Who's Rumpelstiltskin?)

Rip Van Winkle

BobRachel
    $400 13
Halle Berry

Bob
    $400 19
JetBlue

Rachel
    $800 2
(Bob: What is Catalonia?)

Andalusia

ErikaBob
    $800 5
a foxhole

Rachel
    $800 10
the Delta blues

Erika
    $800 25
Ernest Hemingway

Bob
    $800 14
space

Bob
    $800 20
Adidas

Rachel
    $1200 3
Guernica

Rachel
    $1200 6
a saxophone

Erika
    $1200 16
zydeco

Erika
    $1200 26
J.D. Salinger

Triple Stumper
    $1200 15
Jack Johnson

Triple Stumper
    $1200 21
Buffalo Wild Wings

Rachel
    $1600 11
(Rachel: What is the Spanish Civil War?)

the Spanish-American War

Rachel
Triple Stumper
    $1600 7
Maxine

Rachel
    $1600 17
Lawrence Welk

Bob
    $1,000 29
"The Lottery"

Bob
    $1600 27
(Bob: What is Alabama?)

University of Mississippi

Bob
Triple Stumper
    $1600 22
Sephora

Rachel
    $2000 12
(Alex: And that Genius series airs on National Geographic on Tuesdays. It's a great series.)

the Blue Period

Erika
    $2,000 8
(Rachel: What is a lexographer?)

a lexicographer

Rachel
    $2000 18
Dean Martin

Erika
    $2000 30
"Cat Person"

Triple Stumper
    $2000 28
Gwendolyn Brooks

Triple Stumper
    $2000 23
Harlequin

Triple Stumper

Scores at the end of the Double Jeopardy! Round:

Erika Bob Rachel
$11,200 $8,200 $10,400

Final Jeopardy! Round responses

LONDON LANDMARKS
BobWhat is the Tower Bridge
$5,800
RachelWhat is the Globe theater?
$4,000
ErikaWhat is the village inn?
$5,600
the Globe Theatre

Final scores:

Erika Bob Rachel
$5,600 $2,400 $14,400
2nd place: $5,000 if eliminated 3rd place: $5,000 if eliminated Automatic semifinalist

Game dynamics:

Coryat scores:

Erika Bob Rachel
$11,200 $7,600 $12,400
12 R,
1 W
17 R
(including 2 DDs),
4 W
20 R,
3 W
(including 1 DD)

Combined Coryat: $31,200

[game clues] [game scores] [suggest correction]

Game tape date: 2018-03-20
The J! Archive is created by fans, for fans. Scraping, republication, monetization, and malicious use prohibited; this site may use cookies and collect identifying information. See terms. The Jeopardy! game show and all elements thereof, including but not limited to copyright and trademark thereto, are the property of Jeopardy Productions, Inc. and are protected under law. This website is not affiliated with, sponsored by, or operated by Jeopardy Productions, Inc. Join the discussion at JBoard.tv.